Statistiques concernant Culture Générale - Série 331

Cliquez ici pour prendre le quiz!

Statistiques générales

  • Ce quiz a été pris 190 fois
  • Le résultat moyen est 8 sur 10

Statistiques - réponses

QuestionRéponse% Correct
Combien de phalanges un auriculaire humain possède-t-il ?3
96%
Comment appelle-t-on la petite fenêtre étanche des navires et des avions ?Un hublot
92%
Quel est le nom de la femelle du cerf ?La biche
90%
Quelles sont les deux couleurs de la fusée qui emmène Tintin sur la Lune ?Rouge et blanc
88%
Près de quelle grande ville italienne se trouvent les ruines de Pompéi ?Naples
84%
Quel animal est le congre ?Un poisson
82%
Dans quel pays l'euro a-t-il remplacé la drachme ?La Grèce
67%
Dans quel sport la Française Carole Merle s'est-elle illustrée ?Le ski
63%
Quel était le prénom du mime Marceau ?Marcel
60%
Quel héros de Victor Hugo se fait appeler "monsieur Madeleine" ?Jean Valjean
54%

Distribution des résultats

Percentile par nombre de réponses

% des personnes avec chaque résultat

Votre développement - résultats

Vous n’avez pas pris ce quiz